000 00473nam a2200181Ia 4500
003 GCL
008 140319s9999 xx 000 0 aFre d
020 _a2213015457
040 _aGCL /
_cGCL
082 0 4 _a944.035
_bL L
100 1 _aLEVER, EVELYNE
245 1 0 _aLOUIS XV1 /
_cLEVER, EVELYNE
260 _aفرنسا :
_bFAYARD ،
_c1985
300 _a22 CM ؛
_c665 P
650 0 4 _aFRANCE - HISTORY - REVOLUTION
650 0 4 _aLOUIS XIV, 1643 - 1715
942 _2ddc
_cBK
999 _c5361
_d5361